000 00410nam a2200145Ia 4500
008 230917s9999||||xx |||||||||||||| ||und||
040 _e70200
_aMAIN
041 _aEnglish
082 _a339.2 K123I
100 _aKakwani, Nanak C
245 0 _aIncome inequality and poverty: methods of estimation and policy applications
260 _aOxford
_bUniversity Press
_c1980
300 _axvi, 616 p.
942 _cBK
999 _c225326
_d225326